000 00767nam a2200205 a 4500
003 0
005 20250410112534.0
008 060729s19uu xx 00 eng d
050 _aPHS TD 878
_b.E57 2006
100 _aEnriquez, Joakima Michaella A.
245 _aA Comparative study on the effectiveness of duckweed and water hyacinth in bioremediating sewage water /
_cJoakima Michaella A. Enriquez.
260 _aLas PiƱas City, Philippines :
_bSouthville International School and Colleges,
_c2006.
300 _a40 pages :
_billustrations ;
_c28 cm.
504 _aIncludes bibliographical references.
650 _aBioremediation.
650 _aAquatic plants
_xEnvironmental aspects.
650 _aDuckweeds.
650 _aWater hyacinth.
942 _2lcc
_cPASS
999 _c97601
_d97601